Teología moral: curso fundamental de la moral católica

Saved in:
Bibliografiske detaljer
Hovedforfatter: Fernández, Aurelio (Author)
Format: Bog
Sprog:spansk
Udgivet: Madrid Palabra 2010
Udgivelse:4a. ed
Serier:Pelícano
Fag:
Tags: Tilføj Tag
Ingen Tags, Vær først til at tagge denne postø!

MARC

LEADER 00000cam a2200000 a 4500
001 UCC3384
003 CL-VaPUC
008 180504e20100400sp |||||||||||||||||spa|d
020 |a 9788498403947 
082 0 4 |a 241  |b FER  |2 21 
100 0 |a Fernández, Aurelio  |e author  |9 597389 
245 1 0 |a Teología moral: curso fundamental de la moral católica 
250 |a 4a. ed 
300 |a 716 p 
942 |c BK 
945 |d 20180504 14:32:00  |a arojas 
260 |a Madrid  |b Palabra  |c 2010 
650 0 |a Teología moral   |9 256617 
650 0 |a Conciencia  |9 309452 
650 0 |a Comportamiento moral  |9 334569 
650 0 |a Vida cristiana  |9 258753 
583 |a last modification  |c 20180504 14:32:00  |k Rodrigo Vera 
490 0 |a Pelícano 
999 |c 371115  |d 371113 
952 |0 0  |1 0  |3 erb  |4 0  |6 241_000000000000000_FER_2010  |7 0  |8 A  |9 488001  |a BIBTEO  |b BIBTEO  |i 5468221  |l 4  |m 9  |o 241 FER 2010  |p 5468221  |q 2025-05-12  |r 2025-05-05  |s 2025-05-05  |w 2019-11-24  |y BK  |z Catalogado en:20180504  |k ICR